000 00752nam a2200253Ia 4500
003 OSt
005 20221005111757.0
006 a|||||r|||| 00| 0
007 ta
008 221004b |||||||| |||| 00| 0 san d
024 _a113807
037 _cTextual
040 _aCRL
_cCRL
_bsan
041 _2san
_asan
082 _aO15x, N4
100 _aमिश्र, राम किशोर
245 0 _aबालचरितम
246 _aBālacharitama
260 _aमेरठ
_bमाधी प्रा0 लि0
_c1994
300 _a64पृ0
_ccm.
650 _aसंस्कृत साहित्य
942 _hO15x, N4
_cTEXL
_2cc
999 _c1022864
_d1022864